Anuario de los hechos (Record no. 12378)
[ view plain ]
| 000 -CABECERA | |
|---|---|
| campo de control de longitud fija | 01103cam a22003137a 4500 |
| 003 - IDENTIFICADOR DEL NÚMERO DE CONTROL | |
| campo de control | CHAP |
| 005 - FECHA Y HORA DE LA ÚLTIMA TRANSACCIÓN | |
| campo de control | 20240502101819.0 |
| 008 - DATOS DE LONGITUD FIJA--INFORMACIÓN GENERAL | |
| campo de control de longitud fija | 971013s1991 r 00010 d |
| 010 ## - NÚMERO DE CONTROL DE LA BIBLIOTECA DEL CONGRESO | |
| Número de control de LC | 12378 |
| 011 ## - ENLACE DEL NUMERO DE CONTROL DE LA BIBLIOTECA DEL CONGRESO [OBSOLETO] | |
| Número de control de LC | 13350 |
| 035 ## - NÚMERO DE CONTROL DEL SISTEMA | |
| Número de control de sistema | 17421 |
| 040 ## - FUENTE DE LA CATALOGACIÓN | |
| Centro/agencia transcriptor | CHAP |
| 082 00 - NÚMERO DE LA CLASIFICACIÓN DECIMAL DEWEY | |
| Número de clasificación | 036 |
| Número de documento/Ítem | A5h |
| 245 00 - MENCIÓN DE TÍTULO | |
| Título | Anuario de los hechos |
| 300 ## - DESCRIPCIÓN FÍSICA | |
| Extensión | v. |
| Otras características físicas | : ilus. |
| 500 ## - NOTA GENERAL | |
| Nota general | La biblioteca tiene : 1990, 1991, 1992, 2003 (Contiene 1 DVD: 2003 El DVD del Año) |
| 505 ## - NOTA DE CONTENIDO CON FORMATO | |
| Enlace | DVD : 2003 EL DVD del Año. |
| 650 14 - PUNTO DE ACCESO ADICIONAL DE MATERIA--TÉRMINO DE MATERIA | |
| Término de materia o nombre geográfico como elemento de entrada | Enciclopedias y diccionarios. |
| 9 (RLIN) | 36750 |
| 942 ## - ELEMENTOS DE PUNTO DE ACCESO ADICIONAL (KOHA) | |
| Tipo de ítem Koha | CD |
| Fuente del sistema de clasificación o colocación | Dewey Decimal Classification |
| 260 ## - PUBLICACIÓN, DISTRIBUCIÓN, ETC. | |
| Lugar de publicación, distribución, etc. | Barcelona : |
| Nombre del editor, distribuidor, etc. | Difusora Internacional, |
| Fecha de publicación, distribución, etc. | 1991-19 |
| 590 ## - NOTA LOCAL (RLIN) | |
| Nota local | BATCH-UPD |
| Procedencia (VM) [OBSOLETO] | 10 |
| Condición del los carretes individuales (VM) [OBSOLETO] | 20130110 |
| 590 ## - NOTA LOCAL (RLIN) | |
| Nota local | CONVERSION |
| Procedencia (VM) [OBSOLETO] | 10 |
| Condición del los carretes individuales (VM) [OBSOLETO] | 20130109 |
| 901 ## - ELEMENTOS DE DATOS A LOCAL LDA (RLIN) | |
| a | BK |
| 949 ## - PROCESAMIENTO DE INFORMACIÓN LOCAL (OCLC) | |
| a | 036 A5h |
| b | BC |
| c | C |
| d | 33724000611299 |
| e | C |
| f | 1992 |
| h | 86616 |
| i | 17421 |
| s | i |
| 949 ## - PROCESAMIENTO DE INFORMACIÓN LOCAL (OCLC) | |
| a | 036 A5h |
| b | BC |
| c | C |
| d | 33724000776514 |
| e | C |
| f | 1991 |
| h | 86615 |
| i | 17421 |
| s | b |
| 949 ## - PROCESAMIENTO DE INFORMACIÓN LOCAL (OCLC) | |
| a | 036 A5h |
| b | BC |
| c | C |
| d | 33724000965042 |
| e | C |
| f | 2003 |
| g | I.224458 |
| h | 107339 |
| i | 17421 |
| s | b |
| t | $2007.00 |
| 949 ## - PROCESAMIENTO DE INFORMACIÓN LOCAL (OCLC) | |
| a | 036 A5h |
| b | BC |
| c | CD |
| d | 33724002026306 |
| e | C |
| f | 2003 CD |
| i | 17421 |
| s | b |
| 949 ## - PROCESAMIENTO DE INFORMACIÓN LOCAL (OCLC) | |
| a | 036 A5h |
| b | BC |
| c | MUT |
| d | 33724000618336 |
| e | MUT |
| f | 1990 |
| h | 86614 |
| i | 17421 |
| s | b |
| Estado de retiro | Estado de pérdida | Fuente del sistema de clasificación o colocación | Estado dañado | Restricciones de uso | No para préstamo | Código de colección | Localización permanente | Ubicación/localización actual | Ubicación en estantería | Fecha de adquisición | Información codificada de la localización en otra ubicación | Total de préstamos | Signatura topográfica completa | Código de barras | Fecha visto por última vez | Número de copia | Precio válido a partir de | Tipo de ítem Koha | Fuente de adquisición | Nota pública |
|---|---|---|---|---|---|---|---|---|---|---|---|---|---|---|---|---|---|---|---|---|
| Dewey Decimal Classification | Préstamo interno | Consulta | Biblioteca Central | Biblioteca Central | Planta alta - Coleción Consulta | 31/12/2019 | LIBRO | 036 A5h | 33724000611299 | 30/05/2022 | 1992 | 31/12/2019 | Libro | |||||||
| Dewey Decimal Classification | Préstamo interno | Consulta | Biblioteca Central | Biblioteca Central | Planta alta - Coleción Consulta | 31/12/2019 | LIBRO | 036 A5h | 33724000776514 | 30/05/2022 | 1991 | 31/12/2019 | Libro | |||||||
| Dewey Decimal Classification | Préstamo interno | Consulta | Biblioteca Central | Biblioteca Central | Planta alta - Coleción Consulta | 31/12/2019 | LIBRO | 036 A5h | 33724000965042 | 30/05/2022 | 2003 | 31/12/2019 | Libro | |||||||
| Dewey Decimal Classification | Material dañado | Material mutilado | Biblioteca Central | Biblioteca Central | 31/12/2019 | LIBRO | 036 A5h | 33724000618336 | 30/05/2022 | 1990 | 31/12/2019 | Libro | ||||||||
| Dewey Decimal Classification | Préstamo interno | Material multimedia | Biblioteca Central | Biblioteca Central | Planta Principal - Área de préstamo - Mat. Multimedia | 17/12/2012 | 036 A5h 2003 | 33724002586716 | 30/04/2024 | 30/04/2024 | DVD | I.224458 | Material complementario |
